El principio pro persona en la constitucin̤ mexicana

Detalles Bibliográficos
Autor principal: Nader Kuri, Jorge
Formato: eBook
Lenguaje:español
Publicado: Ciudad de Mx̌ico: Editorial Acadm̌ica Espaǫla, 2019
Materias:
Acceso en línea:Acceso restringido

MARC

LEADER 00000nam a22000007a 4500
005 20191003232231.0
007 cr|||| ||||
008 191003s2019 mx |||||s|||| 00||0 spa d
020 |a 9786200015754 
035 |a 29239 
040 |a vLex 
090 |c 9709  |d 9709 
100 1 |a Nader Kuri, Jorge 
245 1 2 |a El principio pro persona en la constitucin̤ mexicana  |h [Recurso electrn̤ico] /  |c Jorge Nader Kuri 
256 |a Servicio en ln̕ea 
260 |a Ciudad de Mx̌ico:  |b Editorial Acadm̌ica Espaǫla,  |c 2019 
300 |a 1 recurso electrn̤ico 
500 |a El 10 de junio de 2011 se public ̤en Mx̌ico un importante decreto de reformas constitucionales que transform ̤la centenaria categorizacin̤ de los derechos fundamentales y sus mecanismos de proteccin̤ y tutela como garanta̕s individuales, para considerarlos en adelante como derechos humanos. El decreto instituy ̤un sistema manifiesto de reconocimiento y control de la convencionalidad internacional en materia de derechos humanos e incorpor ̤el principio pro homine o pro personae para dejar claro que el derecho debe interpretarse y aplicarse siempre de la manera que ms̀ favorezca a las personas. Con ello quedaron sentadas las bases para la edificacin̤ de una nueva juridicidad -que ha venido desarrollǹdose jurisprudencialmente poco a poco- centrada en el ser humano como sujeto principal del orden jurd̕ico nacional visto en una perspectiva internacional. 
506 1 |a Disponible solo en los productos indicados  |d vLex Global  |d vLex Global (Academic Edition, excluding Law Schools)  |d vLex Global (U.S. Academic Edition, Law Schools)  |d vLex Global (U.S. Academic Edition, excluding Law Schools)  |d vLex Global (Academic Edition, Law Schools) 
650 0 4 |a Derecho Pb︢lico y Administrativo  |z Mx̌ico 
740 0 |a vLex Libros (Servicio en ln̕ea) 
856 4 0 |u http://vlex.com/source/29239  |z Acceso restringido 
942 |c BOOK 
999 0 |a Public and Administrative Law